000 00612nam a2200157Ia 4500
008 210716s2016 xx 000 0 und d
020 _a9781785283468
041 _aeng
082 _a621.3991 CARH
100 _aCartwright, Hersey.
245 _aVMware vSphere 6.x datacenter design cookbook: over 75 practical recipes to confidently design an efficient virtual datacenter with VMware vSphere 6.x.
_bOver 75 practical recipes to confidently design an efficient virtual datacenter with VMware vSphere 6.x.
250 _a2
260 _aMumbai
_bPackt Publishing Ltd
_c2016
300 _ax,307
650 _aNone
999 _c196780
_d196780